[Event "Team Championship Russia (Rapid, Women)"]
[Site "Sochi"]
[Date "2018.10.08"]
[Round "5.9"]
[White "Ambartsumova, Karina"]
[Black "Schepetkova, Margarita"]
[Result "1/2-1/2"]
[BlackElo "2212"]
[WhiteElo "2327"]
[LiveChessVersion "1.4.8"]

1. c4 {[%clk 0:15:18]} c6 {[%clk 0:15:20]} 2. d4 {[%clk 0:15:07]} d5
{[%clk 0:15:29]} 3. Nf3 {[%clk 0:15:12]} Nf6 {[%clk 0:15:37]} 4. e3
{[%clk 0:15:17]} Bg4 {[%clk 0:15:45]} 5. Nc3 {[%clk 0:15:24]} e6 {[%clk 0:15:54]}
6. h3 {[%clk 0:15:12]} Bh5 {[%clk 0:15:58]} 7. Qb3 {[%clk 0:14:46]} Qb6
{[%clk 0:16:02]} 8. Ne5 {[%clk 0:14:17]} Nbd7 {[%clk 0:15:28]} 9. g4
{[%clk 0:13:35]} Bg6 {[%clk 0:15:37]} 10. Nxg6 {[%clk 0:13:32]} hxg6
{[%clk 0:15:46]} 11. Bg2 {[%clk 0:12:36]} g5 {[%clk 0:15:46]} 12. cxd5
{[%clk 0:12:26]} exd5 {[%clk 0:14:59]} 13. Qc2 {[%clk 0:12:32]} g6
{[%clk 0:14:51]} 14. Bd2 {[%clk 0:12:20]} Be7 {[%clk 0:14:38]} 15. O-O-O
{[%clk 0:11:55]} Kf8 {[%clk 0:14:47]} 16. e4 {[%clk 0:10:13]} dxe4
{[%clk 0:14:53]} 17. Bxg5 {[%clk 0:09:09]} Re8 {[%clk 0:14:32]} 18. Nxe4
{[%clk 0:08:46]} Nxe4 {[%clk 0:14:41]} 19. Bxe7+ {[%clk 0:08:54]} Rxe7
{[%clk 0:14:50]} 20. Bxe4 {[%clk 0:09:03]} Kg7 {[%clk 0:14:38]} 21. Kb1
{[%clk 0:08:21]} Nf6 {[%clk 0:14:42]} 22. Bf3 {[%clk 0:08:18]} Rhe8
{[%clk 0:14:51]} 23. g5 {[%clk 0:07:28]} Nd5 {[%clk 0:14:40]} 24. h4
{[%clk 0:07:21]} Rh8 {[%clk 0:13:54]} 25. h5 {[%clk 0:06:38]} gxh5
{[%clk 0:13:57]} 26. Rxh5 {[%clk 0:05:31]} Rxh5 {[%clk 0:13:59]} 27. Bxh5
{[%clk 0:05:40]} Re4 {[%clk 0:13:52]} 28. Qd3 {[%clk 0:04:20]} Rf4
{[%clk 0:14:01]} 29. f3 {[%clk 0:03:24]} Rh4 {[%clk 0:12:11]} 30. Bxf7
{[%clk 0:01:36]} Kxf7 {[%clk 0:12:16]} 31. Qf5+ {[%clk 0:01:34]} Kg7
{[%clk 0:11:15]} 32. Qd7+ {[%clk 0:01:39]} Kg6 {[%clk 0:10:58]} 33. Qe6+
{[%clk 0:01:45]} Kg7 {[%clk 0:11:05]} 34. Qd7+ {[%clk 0:01:45]} Kg6
{[%clk 0:11:14]} 35. Qe6+ {[%clk 0:01:28]} Kg7 {[%clk 0:11:23]} 36. Qd7+
{[%clk 0:01:36]} Kg6 {[%clk 0:11:32]} 37. Qe6+ {[%clk 0:01:44]} 1/2-1/2

[Event "Team Championship Russia (Rapid, Women)"]
[Site "Sochi"]
[Date "2018.10.08"]
[Round "5.10"]
[White "Sakorenko, Adriana"]
[Black "Nebolsina, Vera"]
[Result "1-0"]
[BlackElo "2157"]
[WhiteElo "1813"]
[LiveChessVersion "1.4.8"]

1. Nf3 {[%clk 0:15:19]} Nf6 {[%clk 0:15:18]} 2. g3 {[%clk 0:15:28]} g6
{[%clk 0:15:27]} 3. Bg2 {[%clk 0:15:38]} Bg7 {[%clk 0:15:36]} 4. O-O
{[%clk 0:15:46]} O-O {[%clk 0:15:44]} 5. d3 {[%clk 0:15:55]} d6 {[%clk 0:15:48]}
6. e4 {[%clk 0:16:03]} c6 {[%clk 0:14:59]} 7. c3 {[%clk 0:15:42]} h6
{[%clk 0:13:51]} 8. Re1 {[%clk 0:15:21]} Nbd7 {[%clk 0:13:04]} 9. d4
{[%clk 0:13:48]} e5 {[%clk 0:12:20]} 10. Na3 {[%clk 0:12:40]} exd4
{[%clk 0:09:05]} 11. cxd4 {[%clk 0:10:03]} d5 {[%clk 0:08:17]} 12. e5
{[%clk 0:09:42]} Ne8 {[%clk 0:08:24]} 13. Nh4 {[%clk 0:07:57]} Kh7
{[%clk 0:07:22]} 14. Qd3 {[%clk 0:05:47]} Nc7 {[%clk 0:06:41]} 15. f4
{[%clk 0:03:25]} f5 {[%clk 0:06:40]} 16. Be3 {[%clk 0:02:14]} Ne6
{[%clk 0:06:42]} 17. Rac1 {[%clk 0:01:42]} Qe7 {[%clk 0:06:33]} 18. Nb1
{[%clk 0:01:16]} Nb6 {[%clk 0:06:24]} 19. Nd2 {[%clk 0:00:55]} Bd7
{[%clk 0:06:05]} 20. a3 {[%clk 0:00:17]} Qf7 {[%clk 0:04:57]} 21. Nhf3
{[%clk 0:00:19]} Rg8 {[%clk 0:04:38]} 22. h4 {[%clk 0:00:24]} Bf8
{[%clk 0:04:41]} 23. Kf2 {[%clk 0:00:14]} Be7 {[%clk 0:04:27]} 24. Rh1
{[%clk 0:00:18]} Kg7 {[%clk 0:04:30]} 25. Bh3 {[%clk 0:00:23]} Kf8
{[%clk 0:04:34]} 26. h5 {[%clk 0:00:24]} Ng7 {[%clk 0:04:24]} 27. hxg6
{[%clk 0:00:28]} Qxg6 {[%clk 0:04:31]} 28. Rcg1 {[%clk 0:00:20]} Nh5
{[%clk 0:03:59]} 29. Nf1 {[%clk 0:00:18]} Nc4 {[%clk 0:03:44]} 30. Bc1
{[%clk 0:00:20]} Be6 {[%clk 0:03:31]} 31. Nh4 {[%clk 0:00:20]} Bxh4
{[%clk 0:03:30]} 32. gxh4 {[%clk 0:00:29]} Qf7 {[%clk 0:03:23]} 33. Rxg8+
{[%clk 0:00:37]} Kxg8 {[%clk 0:03:31]} 34. Rg1+ {[%clk 0:00:22]} Kh7
{[%clk 0:03:40]} 35. b3 {[%clk 0:00:17]} Nb6 {[%clk 0:03:47]} 36. Ng3
{[%clk 0:00:18]} Nxg3 {[%clk 0:03:36]} 37. Qxg3 {[%clk 0:00:15]} Rg8
{[%clk 0:03:44]} 38. Qxg8+ {[%clk 0:00:20]} Qxg8 {[%clk 0:03:52]} 39. Rxg8
{[%clk 0:00:29]} Kxg8 {[%clk 0:04:01]} 40. Ke3 {[%clk 0:00:12]} Kf7
{[%clk 0:04:07]} 41. Bd2 {[%clk 0:00:19]} Bd7 {[%clk 0:03:57]} 42. Bg2
{[%clk 0:00:16]} Ke6 {[%clk 0:03:49]} 43. Bf3 {[%clk 0:00:25]} Be8
{[%clk 0:03:58]} 44. Be1 {[%clk 0:00:22]} Nc8 {[%clk 0:03:55]} 45. Bb4
{[%clk 0:00:18]} Kf7 {[%clk 0:03:36]} 46. Bh5+ {[%clk 0:00:17]} Ke6
{[%clk 0:03:40]} 47. Bxe8 {[%clk 0:00:26]} Ne7 {[%clk 0:03:47]} 48. Bxe7
{[%clk 0:00:34]} Kxe7 {[%clk 0:03:56]} 49. Bg6 {[%clk 0:00:38]} Ke6
{[%clk 0:04:03]} 50. Kd3 {[%clk 0:00:40]} b6 {[%clk 0:04:11]} 51. Kc3
{[%clk 0:00:49]} a6 {[%clk 0:04:18]} 52. b4 1-0

[Event "Team Championship Russia (Rapid, Women)"]
[Site "Sochi"]
[Date "2018.10.08"]
[Round "5.11"]
[White "Markelova, Lubov"]
[Black "Zhurova, Anna"]
[Result "1-0"]
[BlackElo "1654"]
[WhiteElo "2049"]
[LiveChessVersion "1.4.8"]

1. Nf3 {[%clk 0:15:18]} Nf6 {[%clk 0:15:19]} 2. c4 {[%clk 0:15:26]} e6
{[%clk 0:15:24]} 3. Nc3 {[%clk 0:15:31]} d5 {[%clk 0:15:23]} 4. d4
{[%clk 0:15:40]} c5 {[%clk 0:15:30]} 5. e3 {[%clk 0:14:38]} Nc6 {[%clk 0:15:38]}
6. cxd5 {[%clk 0:14:44]} Nxd5 {[%clk 0:15:45]} 7. Bb5 {[%clk 0:13:46]} Bd7
{[%clk 0:15:09]} 8. Nxd5 {[%clk 0:13:40]} exd5 {[%clk 0:15:18]} 9. O-O
{[%clk 0:13:39]} a6 {[%clk 0:15:05]} 10. Bxc6 {[%clk 0:13:05]} bxc6
{[%clk 0:15:09]} 11. b3 {[%clk 0:12:37]} cxd4 {[%clk 0:14:58]} 12. Qxd4
{[%clk 0:11:46]} Be7 {[%clk 0:15:01]} 13. Bb2 {[%clk 0:11:45]} Bf6
{[%clk 0:15:00]} 14. Qd2 {[%clk 0:11:52]} O-O {[%clk 0:14:36]} 15. Rac1
{[%clk 0:11:50]} Re8 {[%clk 0:13:07]} 16. Bxf6 {[%clk 0:11:38]} Qxf6
{[%clk 0:13:15]} 17. Qd4 {[%clk 0:11:47]} Qd6 {[%clk 0:12:33]} 18. Rfd1
{[%clk 0:10:23]} Rad8 {[%clk 0:08:35]} 19. b4 {[%clk 0:07:40]} Qb8
{[%clk 0:07:50]} 20. a3 {[%clk 0:05:34]} Re6 {[%clk 0:06:31]} 21. Qh4
{[%clk 0:04:28]} Rde8 {[%clk 0:05:06]} 22. Qg3 {[%clk 0:04:07]} Qd8
{[%clk 0:04:25]} 23. Rd4 {[%clk 0:01:59]} Rg6 {[%clk 0:03:54]} 24. Qh4
{[%clk 0:02:06]} Qb6 {[%clk 0:02:05]} 25. Qf4 {[%clk 0:00:20]} Bh3
{[%clk 0:01:28]} 26. Nh4 {[%clk 0:00:24]} Rg4 {[%clk 0:01:37]} 27. Qf3
{[%clk 0:00:26]} Rxd4 {[%clk 0:01:44]} 28. exd4 {[%clk 0:00:31]} Be6
{[%clk 0:01:48]} 29. Qd3 {[%clk 0:00:25]} a5 {[%clk 0:01:43]} 30. bxa5
{[%clk 0:00:25]} Qxa5 {[%clk 0:01:51]} 31. Nf3 {[%clk 0:00:24]} g6
{[%clk 0:00:53]} 32. h3 {[%clk 0:00:26]} Bf5 {[%clk 0:00:48]} 33. Qc3
{[%clk 0:00:35]} Qa7 {[%clk 0:00:22]} 34. Ne5 {[%clk 0:00:39]} Rc8
{[%clk 0:00:15]} 35. Qc5 {[%clk 0:00:31]} Qa4 {[%clk 0:00:13]} 36. Qb4
{[%clk 0:00:15]} Qa8 {[%clk 0:00:14]} 37. Qe7 {[%clk 0:00:19]} f6
{[%clk 0:00:15]} 38. Qf7+ {[%clk 0:00:21]} Kh8 {[%clk 0:00:24]} 39. Qxf6+
{[%clk 0:00:30]} Kg8 {[%clk 0:00:33]} 40. Nf7 {[%clk 0:00:23]} h5
{[%clk 0:00:26]} 41. Nh6+ {[%clk 0:00:19]} Kh7 {[%clk 0:00:30]} 42. Nxf5
{[%clk 0:00:26]} gxf5 {[%clk 0:00:39]} 43. Qxf5+ {[%clk 0:00:34]} Kh6
{[%clk 0:00:42]} 44. Qf6+ {[%clk 0:00:40]} Kh7 {[%clk 0:00:49]} 45. Qf7+
{[%clk 0:00:42]} Kh6 {[%clk 0:00:56]} 46. Rc3 {[%clk 0:00:38]} Rg8
{[%clk 0:00:13]} 47. Qf4+ {[%clk 0:00:31]} Kh7 {[%clk 0:00:12]} 48. Qc7+
{[%clk 0:00:31]} Rg7 {[%clk 0:00:21]} 49. Qxc6 {[%clk 0:00:31]} Qg8
{[%clk 0:00:25]} 50. g3 {[%clk 0:00:16]} h4 {[%clk 0:00:17]} 51. Kg2
{[%clk 0:00:20]} Rg5 {[%clk 0:00:13]} 52. Qd7+ {[%clk 0:00:22]} Rg7
{[%clk 0:00:11]} 53. Qf5+ {[%clk 0:00:28]} Rg6 {[%clk 0:00:19]} 54. Rc7+
{[%clk 0:00:33]} Kh6 {[%clk 0:00:28]} 55. Qf4+ {[%clk 0:00:37]} Rg5
{[%clk 0:00:36]} 56. Qxh4+ {[%clk 0:00:41]} Kg6 {[%clk 0:00:25]} 57. Rc6+
{[%clk 0:00:44]} Kf7 {[%clk 0:00:23]} 58. Qf4+ {[%clk 0:00:48]} Ke7
{[%clk 0:00:17]} 59. Qd6+ {[%clk 0:00:48]} 1-0

[Event "Team Championship Russia (Rapid, Women)"]
[Site "Sochi"]
[Date "2018.10.08"]
[Round "5.12"]
[White "Shestakova, Ekaterina"]
[Black "Shafigullina, Zarina"]
[Result "0-1"]
[BlackElo "2025"]
[WhiteElo "1619"]
[LiveChessVersion "1.4.8"]

1. e4 c5 2. c3 d5 3. exd5 Qxd5 4. d4 Nf6 5. Nf3 e6 6. Bd3 Nc6 7. O-O
{[%clk 0:15:54]} cxd4 {[%clk 0:14:17]} 8. cxd4 {[%clk 0:15:57]} Be7
{[%clk 0:14:17]} 9. Nc3 {[%clk 0:15:59]} Qd8 {[%clk 0:14:26]} 10. Re1
{[%clk 0:15:06]} O-O {[%clk 0:14:34]} 11. a3 {[%clk 0:15:14]} b6 {[%clk 0:14:32]}
12. Bc2 {[%clk 0:15:12]} Ba6 {[%clk 0:14:15]} 13. b4 {[%clk 0:14:17]} Bc4
{[%clk 0:14:20]} 14. b5 {[%clk 0:13:35]} Na5 {[%clk 0:14:22]} 15. Ne5
{[%clk 0:11:24]} Rc8 {[%clk 0:13:05]} 16. Bg5 {[%clk 0:10:54]} Nd5
{[%clk 0:11:50]} 17. Bxe7 {[%clk 0:10:12]} Nxe7 {[%clk 0:06:07]} 18. Re3
{[%clk 0:07:34]} Nf5 {[%clk 0:05:29]} 19. Rh3 {[%clk 0:05:14]} g6
{[%clk 0:03:32]} 20. Bxf5 {[%clk 0:03:52]} exf5 {[%clk 0:03:41]} 21. Qd2
{[%clk 0:03:48]} h5 {[%clk 0:03:31]} 22. Qh6 {[%clk 0:02:56]} Re8
{[%clk 0:01:47]} 23. Nxg6 {[%clk 0:01:40]} fxg6 {[%clk 0:01:56]} 24. Qxg6+ Kf8
25. Qh6+ {[%clk 0:01:38]} Ke7 {[%clk 0:01:35]} 26. Re3+ {[%clk 0:01:01]} Kd7
{[%clk 0:01:41]} 27. Qh7+ {[%clk 0:01:06]} Re7 {[%clk 0:01:37]} 28. Qxf5+
{[%clk 0:01:00]} Kc7 {[%clk 0:00:45]} 29. Qf4+ {[%clk 0:00:21]} Kb7
{[%clk 0:00:52]} 30. Qf3+ {[%clk 0:00:26]} Kb8 {[%clk 0:01:00]} 31. Qf4+
{[%clk 0:00:29]} Ka8 {[%clk 0:01:04]} 32. Qf3+ {[%clk 0:00:37]} Nb7
{[%clk 0:01:01]} 33. Qxh5 {[%clk 0:00:44]} Rxe3 {[%clk 0:00:33]} 34. fxe3
{[%clk 0:00:53]} Qe7 {[%clk 0:00:33]} 35. Qh3 {[%clk 0:00:19]} Be6
{[%clk 0:00:37]} 36. Qg3 {[%clk 0:00:15]} Rxc3 {[%clk 0:00:43]} 37. h4
{[%clk 0:00:18]} Bd5 {[%clk 0:00:37]} 38. Re1 {[%clk 0:00:23]} Rc2
{[%clk 0:00:46]} 39. e4 {[%clk 0:00:27]} Bf7 {[%clk 0:00:19]} 40. d5
{[%clk 0:00:25]} Nd6 {[%clk 0:00:17]} 41. e5 Nxb5 {[%clk 0:00:16]} 42. d6
{[%clk 0:00:32]} Qd7 {[%clk 0:00:14]} 43. Qf3+ {[%clk 0:00:29]} Qc6
{[%clk 0:00:18]} 44. Qxc6+ {[%clk 0:00:32]} Rxc6 {[%clk 0:00:26]} 45. e6
{[%clk 0:00:36]} Bxe6 {[%clk 0:00:17]} 46. Rxe6 {[%clk 0:00:45]} Rxd6
{[%clk 0:00:15]} 47. Rxd6 {[%clk 0:00:42]} Nxd6 {[%clk 0:00:24]} 48. g4
{[%clk 0:00:47]} b5 {[%clk 0:00:27]} 49. g5 {[%clk 0:00:50]} Nf7 {[%clk 0:00:30]}
50. g6 {[%clk 0:00:52]} Nh6 {[%clk 0:00:39]} 51. Kf2 {[%clk 0:00:59]} a5
{[%clk 0:00:41]} 52. Ke2 {[%clk 0:01:05]} Kb7 {[%clk 0:00:50]} 53. Kd3
{[%clk 0:01:11]} Kb6 {[%clk 0:00:52]} 54. Kc2 {[%clk 0:01:19]} Kc5
{[%clk 0:01:00]} 55. Kb3 {[%clk 0:01:24]} b4 {[%clk 0:00:48]} 56. Kb2
{[%clk 0:01:18]} Kc4 {[%clk 0:00:44]} 57. axb4 {[%clk 0:01:10]} axb4
{[%clk 0:00:51]} 58. h5 {[%clk 0:01:17]} Nf5 {[%clk 0:00:54]} 59. g7
{[%clk 0:01:21]} Nh6 {[%clk 0:00:59]} 60. Kc1 {[%clk 0:01:25]} Kc3
{[%clk 0:00:56]} 61. Kb1 {[%clk 0:01:29]} Ng8 {[%clk 0:01:01]} 62. Kc1
{[%clk 0:01:37]} b3 {[%clk 0:01:05]} 63. Kb1 {[%clk 0:01:45]} b2 {[%clk 0:01:12]}
64. h6 {[%clk 0:01:48]} Nxh6 {[%clk 0:01:21]} 0-1